The economics of livestock systems in developing countries : farm and project level analysis /

Bibliographic Details
Main Author: Simpson, James R.
Format: Book
Language:English
Published: Boulder [Colo.] : Westview Press, 1988.
Series:Westview special studies in agriculture science and policy.
Subjects:

MARC

Tag First Indicator Second Indicator Subfields
LEADER 00000cam a2200000 a 4500
001 in00000011517
005 20151007052101.0
008 870912s1988 coua b 00110 eng
010 |a  87025402  
020 |a 081337510X (pbk. : alk. paper) 
035 |a (OCoLC)16758740 
035 |9 AAA6203AM 
040 |a DLC  |c DLC  |d OCL  |d TXA  |d UtOrBLW 
043 |a d------ 
049 |a TXAM  |c [A12639260] 
050 0 0 |a SF55.D44  |b S56 1988 
070 0 |a SF55.D44S56 
082 0 |a 338.1/36/0091724  |2 19 
100 1 |a Simpson, James R. 
245 1 4 |a The economics of livestock systems in developing countries :  |b farm and project level analysis /  |c James R. Simpson. 
264 1 |a Boulder [Colo.] :  |b Westview Press,  |c 1988. 
300 |a xxii, 297 pages :  |b illustrations ;  |c 23 cm. 
336 |a text  |b txt  |2 rdacontent 
337 |a unmediated  |b n  |2 rdamedia 
338 |a volume  |b nc  |2 rdacarrier 
490 1 |a Westview special studies in agriculture science and policy 
504 |a Bibliography: pages [271]-293. 
500 |a Includes index. 
650 0 |a Livestock  |x Economic aspects  |z Developing countries. 
650 0 |a Livestock  |z Developing countries  |x Cost effectiveness. 
650 0 |a Agricultural development projects  |z Developing countries  |x Cost effectiveness. 
650 0 |a Agricultural systems  |x Economic aspects  |z Developing countries. 
830 0 |a Westview special studies in agriculture science and policy. 
999 |a MARS 
999 f f |s b49c94fa-4bbc-37a7-921d-d70765c2c6a5  |i 644fcad3-768d-3cf4-b0f6-9c4565f48bef  |t 0 
952 f f |p ric  |a Texas A&M University  |b Rellis Campus  |c Joint Library Facility  |d Remote Storage  |t 0  |e SF55.D44 S56 1988  |h Library of Congress classification  |i unmediated -- volume  |m A14812639260 
998 f f |a SF55.D44 S56 1988  |t 0  |l Remote Storage